| 000 | 00532nam a22001817a 4500 | ||
|---|---|---|---|
| 999 |
_c162915 _d162915 |
||
| 005 | 20190503104206.0 | ||
| 010 | _aENG-124921 | ||
| 020 |
_c150.00 _a9789350578971 |
||
| 035 | _aEN-108453 | ||
| 037 | _bDBAD/PUB | ||
| 082 | _a302.34 | ||
| 100 | _aPrasoon, Shrikant | ||
| 245 |
_aPreparing for group discussion/ _bby Shrikant Prasoon |
||
| 260 |
_aNew Delhi _bV&S Publishers _c2017 |
||
| 270 |
_aF-2/16, Ansari Road, Daryaganj _bNew Delhi _e110002 |
||
| 300 |
_a61p. _c21cm(pbk) |
||
| 942 |
_2ddc _cEN _mPRA _h302.34 |
||